00873cam a2200217 a 450000100100000000500170001000800410002702000150006804000230008308200200010610000440012624501540017026000750032430000210039949000270042049000280044750400410047565000520051665000320056883000550060000000491120200929151530.0870717s1987 pr b 000 p spa  a0865814171 aDO-SdBNPcDLCdDLC aPR861.08bS718d1 aSotomayor Miletti, Aurea Maríad1951-10aDe lengua, razón y cuerpo :b(nueve poetas contemporáneas puertorriqueñas) : antología y ensayo crítico /cAurea María Sotomayor Miletti. aSan Juan, Puerto Rico :bInstituto de Cultura Puertorriqueña,c1987. a254 p. ;c22 cm.1 aAntologías/crítica1 aLetras contemporáneas aIncluye referencias bibliográficas 4aPoesía puertorriqueñaxHistoria y crítica 4aLiteratura puertorriqueña 0aLetras contemporáneas.pAntologías /crítica.